000 00510nam a2200157Ia 4500
008 220216s9999 xx 000 0 und d
100 _aBandyopadhyay Abhijit
245 0 _aEpoxidized natural rubber/silica nanoscale organic-inorganic hybrid composites prepared by sol-gel technique
260 _bRubber Chemistry and Technology
_c2004
300 _a830-846
650 _aEpoxidized natural rubber
650 _aSol-gel technique
700 _aBhowmick Anil K
700 _aSarkar Mousumi De
942 _cJS
999 _c58742
_d58742